Statistics for 10 Largest cities in Provence (with photos)

Click here to take the quiz!

General Stats

  • This quiz has been taken 36 times
  • The average score is 7 of 10

Answer Stats

Answer% Correct
Nice
97%
Marseille
94%
Cannes
88%
Aix
85%
Toulon
85%
Avignon
67%
Antibes
64%
Hyères
55%
Fréjus
45%
La Seyne-sur-Mer / La Seyne
27%

Score Distribution

Percentile by Number Answered

Percent of People with Each Score

Your Score History

You have not taken this quiz